| Tag |
First Indicator |
Second Indicator |
Subfields |
| LEADER |
00000cam a2200000 a 4500 |
| 001 |
in00001199721 |
| 005 |
20151002060618.0 |
| 008 |
940531s1994 enka b 000 0 eng d |
| 020 |
|
|
|a 1853832081
|
| 035 |
|
|
|a (OCoLC)30524080
|
| 035 |
|
|
|9 AGJ0893AM
|
| 040 |
|
|
|a DJB
|c DJB
|d AGL
|d TXA
|d UtOrBLW
|
| 049 |
|
|
|a TXAM
|
| 070 |
0 |
|
|a TP360.P37
|b 1994
|
| 072 |
|
0 |
|a P120
|
| 090 |
|
|
|a TP360
|b .P37 1994
|
| 100 |
1 |
|
|a Patterson, Walter C.,
|d 1936-
|
| 245 |
1 |
0 |
|a Power from plants :
|b the global implications of new technologies for electricity from biomass /
|c Walt Patterson.
|
| 264 |
|
1 |
|a London :
|b Royal Institute of International Affairs, Energy and Environmental Programme :
|b Earthscan,
|c 1994.
|
| 300 |
|
|
|a xii, 102 pages :
|b illustrations ;
|c 21 cm.
|
| 336 |
|
|
|a text
|b txt
|2 rdacontent
|
| 337 |
|
|
|a unmediated
|b n
|2 rdamedia
|
| 338 |
|
|
|a volume
|b nc
|2 rdacarrier
|
| 504 |
|
|
|a Includes bibliographical references.
|
| 650 |
|
0 |
|a Biomass energy.
|
| 650 |
|
0 |
|a Plant biomass.
|
| 650 |
|
0 |
|a Electricity.
|
| 710 |
2 |
|
|a Energy and Environmental Programme (Royal Institute of International Affairs)
|
| 999 |
|
|
|a MARS
|
| 999 |
f |
f |
|s 2d19a0cf-4bbd-33d3-8468-51c967846f90
|i 06a18778-dfb5-3be0-8b29-86e20d40b897
|t 0
|
| 952 |
f |
f |
|p ric
|a Texas A&M University
|b Rellis Campus
|c Joint Library Facility
|d Remote Storage
|t 0
|e TP360 .P37 1994
|h Library of Congress classification
|i unmediated -- volume
|m A14818507047
|
| 998 |
f |
f |
|a TP360 .P37 1994
|t 0
|l Remote Storage
|